[Event "Three Continents Championship"]
[Site "SchemingMind.com"]
[Date "2013.01.12"]
[Round "-"]
[White "Oskyrain"]
[Black "jrsanpedro"]
[Result "0-1"]
[WhiteCountry "ARG"]
[BlackCountry "ARG"]
[WhiteElo "2443"]
[WhiteRD "82"]
[BlackElo "2204"]
[BlackRD "61"]
[GameID "324685"]

1. e4 c5 2. Nf3 d6 3. d4 cxd4 4. Nxd4 Nf6 5. Nc3 a6 6. Bg5 e6 7. Qf3 Be7 8. O-O-O Qc7 9. Be2 Nbd7 10. a3 b6
11. g4 Bb7 12. Qe3 Rc8 13. Bxf6 Nxf6 14. g5 Nxe4 15. Nxe4 e5 16. Bd3 d5 17. Ng3 exd4 18. Qxd4 Bxg5+ 19. Kb1 Bf6 20. Qb4 Qc5
21. Rhe1+ Kf8 22. Qf4 Qc7 23. Qf5 Be7 24. Qh5 Bf6 25. Qf3 h6 26. Nh5 Qd6 27. Bf5 Rd8 28. c4 Bg5 29. Be6 Qc7 30. cxd5 Ba8
31. Rd4 Qe7 32. Rde4 g6 33. Qc3 Rh7 34. h4 fxe6 35. hxg5 gxh5 36. Rxe6 Qxg5 37. Qb4+ Kg7 38. Re8 Rxe8 39. Rxe8 Qg6+ 40. Re4 Kg8
41. Ka1 Bxd5 42. Re1 Rd7 43. Qa4 Qc6 44. Qf4 Qc4 45. Qxc4 Bxc4 46. b4 Rd3 47. Kb2 Rb3+
0-1

[Event "Three Continents Championship"]
[Site "SchemingMind.com"]
[Date "2013.01.11"]
[Round "-"]
[White "jrsanpedro"]
[Black "Oskyrain"]
[Result "0-1"]
[WhiteCountry "ARG"]
[BlackCountry "ARG"]
[WhiteElo "2177"]
[WhiteRD "61"]
[BlackElo "2417"]
[BlackRD "93"]
[GameID "324686"]

1. e4 e5 2. f4 exf4 3. Nf3 g5 4. h4 g4 5. Ne5 Nf6 6. d4 d6 7. Nd3 Nxe4 8. Bxf4 Bg7 9. c3 O-O 10. Nd2 Re8
11. Be2 Nc6 12. Nxe4 Rxe4 13. Bg5 Qe8 14. Nf2 h6 15. d5 hxg5 16. Nxe4 Qxe4 17. dxc6 Qxg2
0-1

[Event "Three Continents Championship"]
[Site "SchemingMind.com"]
[Date "2013.01.11"]
[Round "-"]
[White "rookie31"]
[Black "Oskyrain"]
[Result "0-1"]
[WhiteCountry "IND"]
[BlackCountry "ARG"]
[WhiteElo "2178"]
[WhiteRD "60"]
[BlackElo "2431"]
[BlackRD "98"]
[GameID "324704"]

1. d4 Nf6 2. c4 e6 3. Nf3 d5 4. Nc3 c6 5. Bg5 Nbd7 6. e3 Qa5 7. cxd5 Nxd5 8. Qb3 Bb4 9. Rc1 e5 10. Nxe5 Nxe5
11. dxe5 O-O 12. Bc4 Bxc3+ 13. bxc3 h6 14. Bxd5 hxg5 15. Bf3 g4 16. Be2 Qxe5 17. O-O b5 18. Rfd1 Be6 19. Qa3 a5 20. Rc2 Rfb8
21. c4 b4 22. Qc1 a4 23. Rb2 b3 24. axb3 a3 25. Ra2 Rxb3
0-1

[Event "Three Continents Championship"]
[Site "SchemingMind.com"]
[Date "2013.01.08"]
[Round "-"]
[White "rookie31"]
[Black "jrsanpedro"]
[Result "1/2-1/2"]
[WhiteCountry "IND"]
[BlackCountry "ARG"]
[WhiteElo "2210"]
[WhiteRD "61"]
[BlackElo "2177"]
[BlackRD "61"]
[GameID "324705"]

1. d4 Nf6 2. Nf3 e6 3. c4 b6 4. g3 Bb7 5. Bg2 Be7 6. O-O O-O 7. Nc3 Ne4 8. Qc2 Nxc3 9. Qxc3 c5 10. Rd1 d6
11. Qd3 Nc6 12. d5 exd5 13. cxd5 Nb4 14. Qd2 Bf6 15. a3 Na6 16. e4 Re8 17. Qc2 b5 18. Re1 Qe7 19. Bd2 Nb8 20. Rac1 Nd7
21. Bc3 a6 22. Nd2 Bxc3 23. Qxc3 c4 24. b3 cxb3 25. Nxb3 Rac8 26. Qe3 Nf6 27. Na5 Ba8 28. Qb6 Rxc1 29. Rxc1 Qe5 30. Qxa6 Nxe4
31. Bxe4 Qxe4 32. Nc6 Qe2 33. Nb4 h6 34. Qxd6 Qf3 35. Qd7 Re2 36. Rf1 Kh7 37. Qxb5 Ra2 38. Qd3+ Qxd3 39. Nxd3 Rxa3 40. Nb4 Rb3
41. Ra1 Bb7 42. Nc6 Rd3 43. Ra7 Bc8 44. Kf1 Rxd5 45. Rxf7 Rc5 46. Nd4 Rc4 47. Ne2 Kg6 48. Rf3 Ra4 49. Re3 Bh3+ 50. Ke1 Kf7
51. Rd3 Ra1+ 52. Rd1 Ra3 53. Rd4 Ra1+ 54. Rd1 Ra3 55. Rd4 Ra1+ 56. Rd1
1/2-1/2

[Event "Three Continents Championship"]
[Site "SchemingMind.com"]
[Date "2013.01.11"]
[Round "-"]
[White "Oskyrain"]
[Black "rookie31"]
[Result "1/2-1/2"]
[WhiteCountry "ARG"]
[BlackCountry "IND"]
[WhiteElo "2443"]
[WhiteRD "82"]
[BlackElo "2176"]
[BlackRD "59"]
[GameID "324706"]

1. d4 Nf6 2. Nf3 d5 3. c4 c6 4. Nc3 dxc4 5. a4 Bf5 6. e3 e6 7. Bxc4 Bb4 8. O-O Nbd7 9. Qe2 O-O 10. e4 Bg6
11. Bg5 Bxc3 12. bxc3 Bxe4 13. Ne5 Qa5 14. Nxd7 Nxd7 15. Be7 Rfe8 16. Bb4 Qf5 17. f3 Bd5 18. Bd3 Qf4 19. Rfe1 b6 20. Qf2 e5
21. c4 Be6 22. Be4 exd4 23. Bxc6 Rad8 24. Bb5 d3 25. a5 Bf5 26. axb6 axb6 27. Rxe8+ Rxe8 28. g3 Qg5 29. Qd4 Rd8 30. Bxd7 Bxd7
31. Qxb6 Be6 32. Bd2 Qf6 33. Bc3 Qe7 34. Qe3 h6 35. g4 Qd6 36. c5 Qc6 37. Rb1 Bc4 38. Rb6 Qd5 39. Bd2 h5 40. Rd6 Rxd6
41. cxd6 Qxd6 42. Qe8+ Qf8 43. Qxf8+ Kxf8 44. gxh5 f6 45. Kf2 Kg8 46. h6 gxh6 47. Bxh6 Kh7 48. Be3 Kg6 49. Bd2 Kh5 50. Ke3 Kh4
51. Kf4 Kh3 52. Kf5 Kxh2 53. Kxf6=
1/2-1/2

[Event "Three Continents Championship"]
[Site "SchemingMind.com"]
[Date "2013.01.09"]
[Round "-"]
[White "jrsanpedro"]
[Black "rookie31"]
[Result "1/2-1/2"]
[WhiteCountry "ARG"]
[BlackCountry "IND"]
[WhiteElo "2155"]
[WhiteRD "65"]
[BlackElo "2183"]
[BlackRD "60"]
[GameID "324707"]

1. e4 c6 2. d4 d5 3. Nd2 dxe4 4. Nxe4 Bf5 5. Ng3 Bg6 6. N1e2 e6 7. Nf4 Nf6 8. h4 e5 9. dxe5 Qa5+ 10. c3 Qxe5+
11. Qe2 Qxe2+ 12. Bxe2 Nbd7 13. Be3 Bc5 14. Bxc5 Nxc5 15. O-O-O Rd8 16. Rxd8+ Kxd8 17. Rd1+ Kc7 18. h5 Be4 19. f3 Bd5 20. c4 Be6
21. b4 Ncd7 22. Nxe6+ fxe6 23. Rd3 g6 24. f4 gxh5 25. Nxh5 Nxh5 26. Bxh5 e5 27. Bg4 Rd8 28. f5 Rg8 29. Bh3 Nf6 30. Kd2 e4
31. Ra3=
1/2-1/2

[Event "Three Continents Championship"]
[Site "SchemingMind.com"]
[Date "2013.01.13"]
[Round "-"]
[White "smothered mate"]
[Black "Oskyrain"]
[Result "0-1"]
[WhiteCountry "POL"]
[BlackCountry "ARG"]
[WhiteElo "1979"]
[WhiteRD "59"]
[BlackElo "2443"]
[BlackRD "82"]
[GameID "324709"]

1. e4 c5 2. Nf3 Nc6 3. d4 cxd4 4. Nxd4 e5 5. Nb5 d6 6. c4 Be7 7. N1c3 a6 8. Na3 Be6 9. Be3 Bg5 10. Nd5 Bxe3
11. fxe3 Qh4+ 12. Kd2 Nf6 13. Nc7+ Ke7 14. Nxa8 Nxe4+ 15. Kc2 Bf5 16. Kc1 Rxa8 17. Be2 Qf2 18. Bf3 Qxe3+ 19. Kb1 Nc3#
0-1

[Event "Three Continents Championship"]
[Site "SchemingMind.com"]
[Date "2013.01.13"]
[Round "-"]
[White "smothered mate"]
[Black "jrsanpedro"]
[Result "0-1"]
[WhiteCountry "POL"]
[BlackCountry "ARG"]
[WhiteElo "1984"]
[WhiteRD "58"]
[BlackElo "2177"]
[BlackRD "61"]
[GameID "324710"]

1. e4 e5 2. Nf3 Nf6 3. Nc3 Nc6 4. Nxe5 Nxe5 5. d4 Ng6 6. e5 Ng8 7. Bc4 d6 8. Qf3 Qd7 9. Be3 dxe5 10. O-O-O Bd6
11. Rhe1 Qf5 12. Bb5+ Kf8 13. Qg3 e4 14. f4 Nxf4 15. Rf1 Ng6 16. Qe1 Qe6 17. d5 Qe5 18. Bd4 Qxh2 19. Nxe4 Bf4+ 20. Kb1 Bg4
21. Nc5 Nf6 22. Rd3 a6 23. Ba4 b5 24. Bb3 Re8
0-1

[Event "Three Continents Championship"]
[Site "SchemingMind.com"]
[Date "2013.01.13"]
[Round "-"]
[White "smothered mate"]
[Black "rookie31"]
[Result "0-1"]
[WhiteCountry "POL"]
[BlackCountry "IND"]
[WhiteElo "1971"]
[WhiteRD "63"]
[BlackElo "2170"]
[BlackRD "64"]
[GameID "324711"]

1. e4 e5 2. Nf3 Nc6 3. d4 exd4 4. Nxd4 Bc5 5. Be3 Bb6 6. Nc3 Nge7 7. Qd2 d6 8. O-O-O Nxd4 9. Bxd4 O-O 10. Nd5 Nxd5
11. exd5 Qh4 12. Qc3 Re8 13. Bc4 Bf5 14. g3 Qh6+ 15. Kb1 Bxd4 16. Rxd4 Qf6 17. Rf4 Qxc3 18. bxc3 Re5 19. Rd1 Rae8 20. Kb2 g5
21. Rfd4 g4 22. Bd3 Bc8 23. Kb3 R8e7 24. Kb2 Kg7 25. Kb3 Bd7 26. Rb4 Rxd5 27. Rxb7 a5 28. Kb2 Bc6 29. Rb8 Rh5 30. Bc4 Rxh2
31. Rd4 Bf3 32. Rf4 c6 33. Ra8 Rxf2 34. Rxa5 Rb7+ 35. Bb3 c5 36. Ka3 Rg2 37. Ra6 Rd7 38. Ba4 Rc7 39. Rxd6 Rxg3 40. Bb3 h5
41. Rdf6 Ra7+ 42. Kb2 h4 43. Rxf7+ Rxf7 44. Rxf7+ Kg6 45. Rf8 h3 46. Rh8 Rg2 47. a4 h2 48. a5 g3 49. a6 Rg1 50. Be6 h1=Q
51. Rxh1 Rxh1 52. Bc8 g2 53. Bb7 Bxb7 54. axb7 Rh8
0-1

[Event "Three Continents Championship"]
[Site "SchemingMind.com"]
[Date "2013.01.13"]
[Round "-"]
[White "Oskyrain"]
[Black "smothered mate"]
[Result "1-0"]
[WhiteCountry "ARG"]
[BlackCountry "POL"]
[WhiteElo "2443"]
[WhiteRD "82"]
[BlackElo "1979"]
[BlackRD "59"]
[GameID "324712"]

1. e4 c5 2. Nf3 d6 3. d4 cxd4 4. Nxd4 Nf6 5. Nc3 g6 6. Be3 Bg7 7. f3 a6 8. Qd2 Nbd7 9. g4 b5 10. O-O-O Bb7
11. h4 h5 12. g5 Nh7 13. f4 Nc5 14. Bg2 e5 15. Nb3 Nxb3+ 16. axb3 Ke7 17. Qf2 Rc8 18. Bb6 Qe8 19. Rxd6 Kxd6 20. Rd1+ Ke6
21. f5+
1-0

[Event "Three Continents Championship"]
[Site "SchemingMind.com"]
[Date "2013.01.13"]
[Round "-"]
[White "jrsanpedro"]
[Black "smothered mate"]
[Result "1-0"]
[WhiteCountry "ARG"]
[BlackCountry "POL"]
[WhiteElo "2177"]
[WhiteRD "61"]
[BlackElo "1984"]
[BlackRD "58"]
[GameID "324713"]

1. e4 c5 2. Nf3 d6 3. d4 cxd4 4. Nxd4 Nf6 5. Nc3 g6 6. Be3 Bg7 7. f3 a6 8. Qd2 Nbd7 9. O-O-O b5 10. Bh6 Bxh6
11. Qxh6 Bb7 12. a3 e5 13. Nb3 Qb6 14. Qd2 Ke7 15. g4 Rac8 16. h4 Nc5 17. Nxc5 dxc5 18. g5 Nh5 19. Qd7+ Kf8 20. Nd5 Bxd5
21. Qxc8+ Kg7 22. Qd7 Be6 23. Qe7
1-0

[Event "Three Continents Championship"]
[Site "SchemingMind.com"]
[Date "2013.01.13"]
[Round "-"]
[White "rookie31"]
[Black "smothered mate"]
[Result "1-0"]
[WhiteCountry "IND"]
[BlackCountry "POL"]
[WhiteElo "2210"]
[WhiteRD "61"]
[BlackElo "1984"]
[BlackRD "58"]
[GameID "324714"]

1. d4 d5 2. c4 e6 3. Nc3 c5 4. cxd5 exd5 5. Nf3 Nc6 6. dxc5 d4 7. Na4 Bxc5 8. Nxc5 Qa5+ 9. Qd2 Qxc5 10. e3 Nf6
11. Nxd4 O-O 12. Qc3 Qb6 13. Nxc6 bxc6 14. b3 Ne4 15. Qd4 Qa5+ 16. b4 Qf5 17. f3 Nf6 18. e4 Qg6 19. Be3 Be6 20. Qc5 Rfd8
21. a3 Nd7 22. Qg5 Qxg5 23. Bxg5 f6 24. Bf4 Ne5 25. Bxe5 fxe5 26. Rc1 Rac8 27. Rc5 Bb3 28. Be2 Re8 29. Kf2 Kf7 30. Rhc1 Ba4
31. Ra5
1-0

[Event "Three Continents Championship"]
[Site "SchemingMind.com"]
[Date "2013.01.11"]
[Round "-"]
[White "Derek Price"]
[Black "Oskyrain"]
[Result "0-1"]
[WhiteCountry "ENG"]
[BlackCountry "ARG"]
[WhiteElo "2261"]
[WhiteRD "80"]
[BlackElo "2443"]
[BlackRD "82"]
[GameID "324739"]

1. d4 Nf6 2. c4 e6 3. g3 Bb4+ 4. Bd2 Bxd2+ 5. Qxd2 O-O 6. Bg2 d5 7. Nf3 Nc6 8. O-O Qe7 9. Rc1 Rd8 10. Na3 a6
11. Ne5 Nxe5 12. dxe5 Ng4 13. Qf4 h5 14. h4 c5 15. f3 Nh6 16. Qg5 Qc7 17. Qxh5 Rb8 18. Rd1 b5 19. cxd5 exd5 20. Qg5 d4
21. h5 Re8 22. f4 Bg4 23. Rd2 Qa5 24. Rad1 c4 25. Bf3 Bxf3 26. exf3 c3 27. Rxd4 cxb2 28. Nb1 Kh7 29. R4d2 Qxa2 30. Kf2 Rbc8
31. g4 Rc1
0-1

[Event "Three Continents Championship"]
[Site "SchemingMind.com"]
[Date "2013.01.13"]
[Round "-"]
[White "Derek Price"]
[Black "smothered mate"]
[Result "1-0"]
[WhiteCountry "ENG"]
[BlackCountry "POL"]
[WhiteElo "2261"]
[WhiteRD "80"]
[BlackElo "1979"]
[BlackRD "59"]
[GameID "324740"]

1. d4 d5 2. c4 e6 3. Nc3 c5 4. cxd5 exd5 5. Nf3 Nc6 6. g3 c4 7. Bg2 Bb4 8. O-O Nge7 9. a3 Ba5 10. Bd2 O-O
11. b3 Be6 12. Rb1 Rb8 13. b4 Bc7 14. Nb5 Bb6 15. Bf4 Rc8 16. Nd6 Ng6 17. Nxc8 Qxc8 18. Bd6 Re8 19. Bc5 Bc7 20. Ng5 b6
21. b5 bxc5 22. bxc6 cxd4 23. Qxd4 Bb6 24. Rxb6 axb6 25. e4 Qxc6 26. exd5 Rd8 27. dxe6 Qxg2+ 28. Kxg2 Rxd4 29. exf7+
1-0

[Event "Three Continents Championship"]
[Site "SchemingMind.com"]
[Date "2013.01.13"]
[Round "-"]
[White "Derek Price"]
[Black "jrsanpedro"]
[Result "1/2-1/2"]
[WhiteCountry "ENG"]
[BlackCountry "ARG"]
[WhiteElo "2263"]
[WhiteRD "74"]
[BlackElo "2155"]
[BlackRD "65"]
[GameID "324741"]

1. d4 Nf6 2. c4 e6 3. g3 c5 4. Nf3 cxd4 5. Nxd4 d5 6. Bg2 e5 7. Nf3 d4 8. O-O Nc6 9. e3 Bg4 10. h3 Bxf3
11. Bxf3 Be7 12. exd4 exd4 13. Bf4 O-O 14. Nd2 h6 15. Re1 Re8 16. Qb3 Qd7 17. h4 Rad8 18. Rad1=
1/2-1/2

[Event "Three Continents Championship"]
[Site "SchemingMind.com"]
[Date "2013.01.09"]
[Round "-"]
[White "Derek Price"]
[Black "rookie31"]
[Result "1-0"]
[WhiteCountry "ENG"]
[BlackCountry "IND"]
[WhiteElo "2289"]
[WhiteRD "80"]
[BlackElo "2178"]
[BlackRD "60"]
[GameID "324742"]

1. d4 Nf6 2. c4 e6 3. g3 d5 4. Bg2 Nbd7 5. Nf3 c6 6. Qc2 Be7 7. O-O b6 8. b3 Bb7 9. Nc3 Rc8 10. Rd1 c5
11. cxd5 Nxd5 12. Nxd5 cxd4 13. Qd3 Bxd5 14. Nxd4 Bxg2 15. Kxg2 Qc7 16. Bb2 Qb7+ 17. f3 Nc5 18. Qb5+ Nd7 19. Nxe6 fxe6 20. Bxg7 Rg8
21. Qh5+
1-0

[Event "Three Continents Championship"]
[Site "SchemingMind.com"]
[Date "2013.01.11"]
[Round "-"]
[White "Oskyrain"]
[Black "Derek Price"]
[Result "1-0"]
[WhiteCountry "ARG"]
[BlackCountry "ENG"]
[WhiteElo "2474"]
[WhiteRD "79"]
[BlackElo "2259"]
[BlackRD "78"]
[GameID "324743"]

1. d4 d5 2. c4 c6 3. Nf3 Nf6 4. Nc3 e6 5. e3 Nbd7 6. Bd3 dxc4 7. Bxc4 b5 8. Bd3 Bb7 9. e4 b4 10. Na4 c5
11. e5 Nd5 12. Nxc5 Nxc5 13. dxc5 Bxc5 14. Qa4+ Kf8 15. O-O h6 16. Bd2 Rc8 17. Rac1 Qb6 18. Bc4 Kg8 19. a3 a5 20. Bxd5 exd5
21. e6 fxe6 22. axb4 axb4 23. Ne5 Qd6 24. Rfe1 Qf8 25. Re2 Bd6 26. Rxc8 Qxc8 27. Ng6 Bc6 28. Qc2 Qe8 29. Bf4 Bb5 30. Re1 b3
31. Qb1 Bb4 32. Re3 Qc6 33. Qa1 e5 34. Bxe5 Qxg6 35. Rg3 Qe4 36. Qa8+ Kf7 37. Qb7+ Ke6 38. Qb6+
1-0

[Event "Three Continents Championship"]
[Site "SchemingMind.com"]
[Date "2013.01.13"]
[Round "-"]
[White "smothered mate"]
[Black "Derek Price"]
[Result "0-1"]
[WhiteCountry "POL"]
[BlackCountry "ENG"]
[WhiteElo "1979"]
[WhiteRD "59"]
[BlackElo "2261"]
[BlackRD "80"]
[GameID "324744"]

1. e4 c5 2. Nf3 d6 3. d4 cxd4 4. Nxd4 Nf6 5. Nc3 a6 6. Be3 e6 7. g4 e5 8. Nf5 g6 9. g5 gxf5 10. exf5 d5
11. Qf3 d4 12. O-O-O Nbd7 13. Bd2 dxc3 14. Bxc3 Rg8 15. gxf6 Qxf6 16. Bc4 Be7 17. Rhe1 Ra7 18. Qe3 b6 19. f4 Qxf5 20. Bxe5 Nxe5
21. Qxe5 Qxe5 22. Rxe5 Rg2 23. f5 Kf8 24. h3 Rh2 25. Rg1 Rxh3
0-1

[Event "Three Continents Championship"]
[Site "SchemingMind.com"]
[Date "2013.01.09"]
[Round "-"]
[White "jrsanpedro"]
[Black "Derek Price"]
[Result "1/2-1/2"]
[WhiteCountry "ARG"]
[BlackCountry "ENG"]
[WhiteElo "2155"]
[WhiteRD "65"]
[BlackElo "2263"]
[BlackRD "74"]
[GameID "324745"]

1. d4 d5 2. c4 c6 3. Nc3 Nf6 4. e3 e6 5. Nf3 Nbd7 6. Bd3 dxc4 7. Bxc4 b5 8. Bd3 Bb7 9. e4 b4 10. Na4 c5
11. e5 Nd5 12. Nxc5 Nxc5 13. dxc5 Bxc5 14. O-O h6 15. Nd2 Qc7 16. Nb3 Bb6 17. Re1 O-O 18. Qg4=
1/2-1/2

[Event "Three Continents Championship"]
[Site "SchemingMind.com"]
[Date "2013.01.09"]
[Round "-"]
[White "rookie31"]
[Black "Derek Price"]
[Result "1/2-1/2"]
[WhiteCountry "IND"]
[BlackCountry "ENG"]
[WhiteElo "2178"]
[WhiteRD "60"]
[BlackElo "2289"]
[BlackRD "80"]
[GameID "324746"]

1. d4 d5 2. c4 c6 3. Nf3 Nf6 4. Qb3 dxc4 5. Qxc4 Bf5 6. Nc3 e6 7. Qb3 Qb6 8. Qxb6 axb6 9. Bg5 Nbd7 10. Nh4 b5
11. Nxf5 exf5 12. Bd2 Bd6 13. e3 O-O 14. Bd3 g6 15. O-O Nb6 16. Rfb1 Rfd8 17. a3 Ng4 18. h3 Ne5 19. Bc2 Nec4 20. Bc1 h5
21. Ra2 Ra7 22. Rba1 Rda8 23. a4 b4 24. Ne2 Nd5 25. b3 Ncb6 26. Bd3 Kg7 27. Bd2 Ra5 28. f3 Nc7=
1/2-1/2

[Event "Three Continents Championship"]
[Site "SchemingMind.com"]
[Date "2013.01.11"]
[Round "-"]
[White "Aadsje"]
[Black "Oskyrain"]
[Result "0-1"]
[WhiteCountry "NED"]
[BlackCountry "ARG"]
[WhiteElo "2262"]
[WhiteRD "64"]
[BlackElo "2474"]
[BlackRD "79"]
[GameID "324747"]

1. c4 c5 2. Nf3 Nc6 3. g3 Nf6 4. Bg2 d5 5. O-O e6 6. cxd5 exd5 7. d4 Be7 8. dxc5 Bxc5 9. b3 O-O 10. Nc3 Be6
11. Bb2 Rc8 12. Rc1 Qe7 13. Nb5 Ne4 14. Nfd4 Bd7 15. Nxc6 bxc6 16. Nc3 f5 17. Qd3 Rf7 18. e3 Re8 19. Ne2 Qd6 20. Qc2 Bb6
21. Nf4 g5 22. Nd3 h5 23. Bd4 h4 24. Rfe1 hxg3 25. hxg3 Rh7 26. Kf1 Rh2 27. Kg1= Qh6 28. Ne5 g4 29. f4 Re7 30. Ng6 Rh7
31. Nh4 Bxd4 32. exd4 Nxg3
0-1

[Event "Three Continents Championship"]
[Site "SchemingMind.com"]
[Date "2013.01.09"]
[Round "-"]
[White "Aadsje"]
[Black "Derek Price"]
[Result "1/2-1/2"]
[WhiteCountry "NED"]
[BlackCountry "ENG"]
[WhiteElo "2303"]
[WhiteRD "59"]
[BlackElo "2263"]
[BlackRD "74"]
[GameID "324748"]

1. b4 c6 2. e3 Nf6 3. Nf3 Qb6 4. a3 a5 5. b5 d5 6. bxc6 Nxc6 7. d4 Bf5 8. Bd3 Bxd3 9. Qxd3 e6 10. Nbd2 Be7
11. Rb1 Qc7 12. O-O O-O 13. c4 Rac8 14. cxd5 exd5 15. Qb5 Qd6 16. Bb2 Qd7 17. Bc3 Bxa3=
1/2-1/2

[Event "Three Continents Championship"]
[Site "SchemingMind.com"]
[Date "2013.01.13"]
[Round "-"]
[White "Aadsje"]
[Black "smothered mate"]
[Result "1-0"]
[WhiteCountry "NED"]
[BlackCountry "POL"]
[WhiteElo "2295"]
[WhiteRD "63"]
[BlackElo "1984"]
[BlackRD "58"]
[GameID "324749"]

1. c4 e5 2. Nc3 Nf6 3. Nf3 e4 4. Ng5 b5 5. Nxb5 c6 6. Nc3 d5 7. cxd5 cxd5 8. d3 h6 9. Nh3 Nc6 10. g3 Bb4
11. a3 Bxc3+ 12. bxc3 Bf5 13. Bg2 Qd7 14. Nf4 g5 15. dxe4 Nxe4 16. Nxd5 O-O-O 17. c4 Ne5 18. Bb2 Rhe8 19. Bxe5 Rxe5 20. Qd4 f6
21. O-O Nd6 22. Rfb1
1-0

[Event "Three Continents Championship"]
[Site "SchemingMind.com"]
[Date "2013.01.08"]
[Round "-"]
[White "Aadsje"]
[Black "jrsanpedro"]
[Result "1-0"]
[WhiteCountry "NED"]
[BlackCountry "ARG"]
[WhiteElo "2303"]
[WhiteRD "59"]
[BlackElo "2155"]
[BlackRD "65"]
[GameID "324750"]

1. Nf3 d5 2. g3 Nf6 3. Bg2 c6 4. O-O Bf5 5. c4 dxc4 6. Na3 Qd5 7. Ng5 Qd4 8. d3 cxd3 9. Qb3 dxe2 10. Re1 Qd7
11. Qxf7+ Kd8 12. Rxe2 Qd1+ 13. Bf1 Bd3 14. Qe6 Bxe2 15. Bf4 Qd7 16. Qxe2
1-0

[Event "Three Continents Championship"]
[Site "SchemingMind.com"]
[Date "2013.01.08"]
[Round "-"]
[White "Aadsje"]
[Black "rookie31"]
[Result "1-0"]
[WhiteCountry "NED"]
[BlackCountry "IND"]
[WhiteElo "2303"]
[WhiteRD "59"]
[BlackElo "2183"]
[BlackRD "60"]
[GameID "324751"]

1. g3 d5 2. Bg2 Nf6 3. d3 e5 4. c4 dxc4 5. Qa4+ c6 6. Qxc4 Be6 7. Qc2 Bd6 8. Nf3 Nbd7 9. O-O O-O 10. Nbd2 Qe7
11. Nc4 Bd5 12. Ne3 Rfe8 13. Nf5 Qf8 14. Ng5 Bxg2 15. Kxg2 h6 16. Ne4 Nxe4 17. dxe4 Bc5 18. Bd2 a5 19. Rfd1 Red8 20. Rac1 a4
21. Qc4 b6 22. b4 axb3 23. axb3 Rac8 24. b4 b5 25. Qa2 Be7 26. Qa7
1-0

[Event "Three Continents Championship"]
[Site "SchemingMind.com"]
[Date "2013.01.11"]
[Round "-"]
[White "Oskyrain"]
[Black "Aadsje"]
[Result "1-0"]
[WhiteCountry "ARG"]
[BlackCountry "NED"]
[WhiteElo "2474"]
[WhiteRD "79"]
[BlackElo "2262"]
[BlackRD "64"]
[GameID "324752"]

1. e4 c6 2. d4 d5 3. e5 Bf5 4. Nf3 e6 5. Be2 c5 6. Be3 Nc6 7. dxc5 Bg4 8. c4 Nge7 9. Nc3 dxc4 10. Nd2 Bxe2
11. Qxe2 Nxe5 12. Nxc4 Nxc4 13. Qxc4 Qc8 14. Rd1 Qc6 15. f3 Nf5 16. Bf2 Be7 17. O-O O-O 18. b4 Rfd8 19. b5 Qc7 20. Ne4 Qa5
21. g4 Nh4 22. Bxh4 Bxh4 23. g5 Qc7 24. Kg2 Rac8 25. a4 a6 26. b6 Qe5 27. f4 Qf5 28. Rxd8+ Rxd8 29. Nd6 Qg4+ 30. Kh1 Qh3
31. Qe2 h6 32. Qf3 Qxf3+ 33. Rxf3 hxg5 34. fxg5 f5 35. Nxb7
1-0

[Event "Three Continents Championship"]
[Site "SchemingMind.com"]
[Date "2013.01.10"]
[Round "-"]
[White "Derek Price"]
[Black "Aadsje"]
[Result "1/2-1/2"]
[WhiteCountry "ENG"]
[BlackCountry "NED"]
[WhiteElo "2263"]
[WhiteRD "74"]
[BlackElo "2303"]
[BlackRD "59"]
[GameID "324753"]

1. d4 d5 2. c4 c6 3. Nf3 e6 4. Qc2 Nf6 5. g3 dxc4 6. Qxc4 b5 7. Qc2 Bb7 8. Bg2 Nbd7 9. O-O c5 10. Nc3 Qb6
11. Be3 Rc8 12. Rfd1 Be7 13. Qb3 Bc6 14. Ne5 Bxg2 15. Kxg2 b4 16. Nxd7 Nxd7 17. Ne4 c4 18. Qa4 Qb7 19. f3=
1/2-1/2

[Event "Three Continents Championship"]
[Site "SchemingMind.com"]
[Date "2013.01.13"]
[Round "-"]
[White "smothered mate"]
[Black "Aadsje"]
[Result "0-1"]
[WhiteCountry "POL"]
[BlackCountry "NED"]
[WhiteElo "1979"]
[WhiteRD "59"]
[BlackElo "2299"]
[BlackRD "67"]
[GameID "324754"]

1. e4 e6 2. d4 d5 3. e5 c5 4. c3 Nc6 5. Nf3 Bd7 6. Be2 Nge7 7. Na3 cxd4 8. cxd4 Nf5 9. Nc2 Qb6 10. O-O Be7
11. g4 Nh4 12. Nxh4 Bxh4 13. b3 Be7 14. Bb2 O-O 15. f4 Rac8 16. Rc1 a5 17. Kh1 a4 18. Rf3 Na5 19. f5 Bg5 20. f6 axb3
21. axb3 Nxb3 22. Bd3 Nxc1 23. Bxc1 Qb1 24. Rh3 g6
0-1

[Event "Three Continents Championship"]
[Site "SchemingMind.com"]
[Date "2013.01.09"]
[Round "-"]
[White "jrsanpedro"]
[Black "Aadsje"]
[Result "1/2-1/2"]
[WhiteCountry "ARG"]
[BlackCountry "NED"]
[WhiteElo "2155"]
[WhiteRD "65"]
[BlackElo "2303"]
[BlackRD "59"]
[GameID "324755"]

1. e4 Nf6 2. e5 Nd5 3. d4 d6 4. Nf3 g6 5. Bc4 Nb6 6. Bb3 Bg7 7. Qe2 O-O 8. h3 Nc6 9. O-O Bf5 10. a3 dxe5
11. dxe5 Nd4 12. Nxd4 Qxd4 13. Re1 Nd7 14. e6 Bxe6 15. Bxe6 fxe6 16. Nc3 Ne5 17. Bg5 Qc4 18. Rad1 Rf5=
1/2-1/2

[Event "Three Continents Championship"]
[Site "SchemingMind.com"]
[Date "2013.01.09"]
[Round "-"]
[White "rookie31"]
[Black "Aadsje"]
[Result "0-1"]
[WhiteCountry "IND"]
[BlackCountry "NED"]
[WhiteElo "2183"]
[WhiteRD "60"]
[BlackElo "2303"]
[BlackRD "59"]
[GameID "324756"]

1. d4 Nf6 2. c4 c5 3. d5 b5 4. cxb5 a6 5. Nc3 axb5 6. Nxb5 e6 7. Nc3 exd5 8. Nxd5 Bb7 9. Nxf6+ Qxf6 10. Nf3 Nc6
11. e3 Bd6 12. Bc4 O-O 13. O-O Rfb8 14. Bd5 Nb4 15. Bxb7 Rxb7 16. e4 Re8 17. a3 Nc6 18. Qd5 Rbb8 19. Rd1 Nd4 20. Nxd4 Re5
21. Qa2 cxd4 22. Qb1 Rbe8 23. f3 Rh5 24. h3 Rxh3
0-1

[Event "Three Continents Championship"]
[Site "SchemingMind.com"]
[Date "2013.01.13"]
[Round "-"]
[White "GBEDARD"]
[Black "Oskyrain"]
[Result "0-1"]
[WhiteCountry "USA"]
[BlackCountry "ARG"]
[WhiteElo "2279"]
[WhiteRD "67"]
[BlackElo "2443"]
[BlackRD "82"]
[GameID "324759"]

1. e4 e5 2. Nf3 Nc6 3. Bb5 Nf6 4. O-O Bc5 5. c3 O-O 6. d4 Bb6 7. Bg5 h6 8. Bh4 d6 9. Qd3 Qe7 10. Nbd2 exd4
11. cxd4 g5 12. Bg3 Nb4 13. Qb3 d5 14. e5 Ne4 15. a3 Nc6 16. Nxe4 dxe4 17. Bxc6 bxc6 18. Nd2 Bf5 19. Qe3 Rad8 20. Nb3 Be6
21. Nc5 Bxc5 22. dxc5 Bf5 23. b4 Rd3 24. Qe2 Rfd8 25. h3 Rd2 26. Qa6 Qe6 27. Rae1 e3 28. Rxe3 Bd3 29. Rxd3 R8xd3 30. Qb7 h5
31. Qxc7 h4 32. Bxh4 gxh4 33. Kh2 Rd7 34. Qc8+ Kg7 35. Re1 Rxf2 36. Kg1 Rxg2+ 37. Kxg2 Rd2+ 38. Re2 Qd5+ 39. Kg1 Qd4+ 40. Kh1 Rd1+
0-1